000
00345nam a22001577a 4500
005
20160629170137.0
008
160629b xxu||||| |||| 00| 0 eng d
020
_a
81-902416-1-3
041
_a
eng
082
_b
10865
100
_a
Bansal, S.C.
_9
3240
245
_a
Invisible Wound
300
_a
330
650
_a
Management
_9
241
942
_c
BK
999
_c
4773
_d
4771